|
|
|
|
| LEADER |
01905nam a2200505 a 4500 |
| 001 |
nkc20122432369 |
| 003 |
CZ PrNK |
| 005 |
20130305103022.0 |
| 007 |
ta |
| 008 |
121212s2012 xr a e p 000 0 cze |
| 015 |
|
|
|a cnb002432369
|
| 020 |
|
|
|a 978-80-7408-073-9
|q (brož.)
|
| 035 |
|
|
|a (OCoLC)829661711
|
| 040 |
|
|
|a BOA001
|b cze
|d ABA001
|
| 072 |
|
7 |
|a 004.4/.6
|x Programování. Software
|2 Konspekt
|9 23
|
| 072 |
|
7 |
|a 37.016
|x Učební osnovy. Vyučovací předměty. Učebnice
|2 Konspekt
|9 22
|
| 080 |
|
|
|a 004.42Word
|2 MRF
|
| 080 |
|
|
|a 004.42Excel
|2 MRF
|
| 080 |
|
|
|a (075.8)
|2 MRF
|
| 080 |
|
|
|a (076.1/.3)
|2 MRF
|
| 100 |
1 |
|
|a Hoffmannová, Hana,
|d 1963-
|7 mzk2012723936
|4 aut
|
| 245 |
1 |
0 |
|a Sbírka řešených příkladů pro Aplikační software 2 :
|b doplněk ke skriptům Aplikační software 2 (MS Office 2010) /
|c Hana Hoffmannová, Jan Lánský
|
| 246 |
3 |
0 |
|a Doplněk ke skriptům Aplikační software 2 (MS Office 2010)
|
| 246 |
3 |
0 |
|a Aplikační software 2 (MS Office 2010)
|
| 250 |
|
|
|a Vyd. 1.
|
| 260 |
|
|
|a Praha :
|b Vysoká škola finanční a správní,
|c 2012
|
| 300 |
|
|
|a 75 s. :
|b il. ;
|c 30 cm
|
| 490 |
1 |
|
|a Eupress
|
| 504 |
|
|
|a Obsahuje bibliografii
|
| 650 |
0 |
7 |
|a Microsoft Word 2010 (software)
|7 ph608643
|2 czenas
|
| 650 |
0 |
7 |
|a Microsoft Excel 2010 (software)
|7 ph606769
|2 czenas
|
| 650 |
0 |
9 |
|a Microsoft Word 2010
|2 eczenas
|
| 650 |
0 |
9 |
|a Microsoft Excel 2010
|2 eczenas
|
| 655 |
|
7 |
|a učebnice vysokých škol
|7 fd133772
|2 czenas
|
| 655 |
|
7 |
|a sbírky úloh
|7 fd132056
|2 czenas
|
| 655 |
|
9 |
|a textbooks (higher)
|2 eczenas
|
| 655 |
|
9 |
|a examinations, questions, etc
|2 eczenas
|
| 700 |
1 |
|
|a Lánský, Jan
|7 mzk2013746418
|4 aut
|
| 830 |
|
0 |
|a Eupress
|0 s
|
| 910 |
2 |
|
|a BOA001
|b 4-1299.158
|
| 928 |
9 |
|
|a Eupress
|
| 990 |
|
|
|a BK
|
| 995 |
|
|
|a 01
|
| 991 |
|
|
|b 201302
|c NOV
|e n
|
| 996 |
6 |
|
|b 2610537525
|c 4-1299.158
|l MZK
|r Sklad / do 1 hodiny
|n 0
|p p.v.
|w 001311341
|u 000010
|a 1
|e BOA001
|j MZK50
|s P
|